Model building in mathematical programming

Αποθηκεύτηκε σε:
Λεπτομέρειες βιβλιογραφικής εγγραφής
Κύριος συγγραφέας: Williams, H. P.
Μορφή: Βιβλίο
Γλώσσα:English
Δημοσίευση: Chichester : Wiley, c1999
Έκδοση:4th ed.
Θέματα:
Ετικέτες: Προσθήκη ετικέτας
Δεν υπάρχουν, Καταχωρήστε ετικέτα πρώτοι!

MARC

LEADER 00000nam a2200000 i 4500
001 1/82746
008 080416r1999 eng d
020 |a 978-0-471-99788-7 
035 |l 10096743 
040 |a GR-MY-UA  |b gre  |e aacr 
041 0 |a eng 
082 0 |a 519.7  |2 (22) 
100 1 |a Williams, H. P. 
245 1 0 |a Model building in mathematical programming /  |c H. Paul Williams 
250 |a 4th ed. 
260 |a Chichester :   |b Wiley,   |c c1999 
300 |a vii , 354 σ.;  |b εικ.;  |c 23 εκ. 
500 |a Το Παράρτημα της Χίου διαθέτει την ανατύπωση, 2007 
504 |a Βιβλιογραφία : σ. 335-343. Ευρετήριο 
650 0 0 |a Programming (Mathematics) 
650 0 0 |a Mathematical models. 
852 |a INST  |b CHIOS  |e 20080416  |h 519.7 WIL  |p 005200027407  |q 005200027407  |t BK  |y 0 
901 |a BIBL2-2008-1 
909 |a Χ  |b 151871 
922 |a 2ΕΛΗ  |b 200803  |c ΕΠΕΑΕΚ2/ΤΔΕ  |d ΕΛΕΥΘΕΡΟΥΔΑΚΗΣ 
970 |a ΒΑΡΦΗΣ  |b ΒΑΓΓΕΛΗΣ  |z 2008/04/16